आधुनिक साहित्य की प्रव्रत्तियां / (Record no. 113356)
[ view plain ]
| 000 -LEADER | |
|---|---|
| fixed length control field | 01070nam a22002537a 4500 |
| 005 - DATE AND TIME OF LATEST TRANSACTION | |
| control field | 20170124102952.0 |
| 010 ## - LIBRARY OF CONGRESS CONTROL NUMBER | |
| LC control number | A-462114 |
| 020 ## - INTERNATIONAL STANDARD BOOK NUMBER | |
| Terms of availability | 50.00 |
| 035 ## - SYSTEM CONTROL NUMBER | |
| System control number | A-462114 |
| 037 ## - SOURCE OF ACQUISITION | |
| Source of stock number/acquisition | Cen Lib/Ret |
| 040 ## - CATALOGING SOURCE | |
| Original cataloging agency | DPL |
| Language of cataloging | HN |
| 082 ## - DEWEY DECIMAL CLASSIFICATION NUMBER | |
| Classification number | 820 |
| Item number | नामव |
| 100 ## - MAIN ENTRY--PERSONAL NAME | |
| Personal name | नामवर सिंह |
| 9 (RLIN) | 2125 |
| 245 ## - TITLE STATEMENT | |
| Title | आधुनिक साहित्य की प्रव्रत्तियां / |
| Statement of responsibility, etc | नामवर सिंह |
| 246 ## - VARYING FORM OF TITLE | |
| Title proper/short title | Adhunik sahitya ki pravrattiyan / |
| Remainder of title | by Namwar Singh |
| 260 ## - PUBLICATION, DISTRIBUTION, ETC. (IMPRINT) | |
| Place of publication, distribution, etc | इलाहाबाद |
| Name of publisher, distributor, etc | लोकभारती प्रकाशन |
| Date of publication, distribution, etc | 1990 |
| 270 ## - ADDRESS | |
| Address | 15-ए, महातम गाँधी मार्ग |
| City | इलाहाबाद |
| 300 ## - PHYSICAL DESCRIPTION | |
| Extent | 144पृ. |
| Dimensions | 20सेमी(सजिल्द) |
| 650 ## - SUBJECT ADDED ENTRY--TOPICAL TERM | |
| Topical term or geographic name as entry element | हिंदी साहित्य |
| 9 (RLIN) | 51876 |
| 650 ## - SUBJECT ADDED ENTRY--TOPICAL TERM | |
| Topical term or geographic name as entry element | हिंदी साहित्य -- रहस्यवाद |
| 9 (RLIN) | 42761 |
| 650 ## - SUBJECT ADDED ENTRY--TOPICAL TERM | |
| Topical term or geographic name as entry element | Hindi literature |
| 9 (RLIN) | 51877 |
| 650 ## - SUBJECT ADDED ENTRY--TOPICAL TERM | |
| Topical term or geographic name as entry element | Hindi literature -- Mysticism |
| 9 (RLIN) | 51878 |
| 942 ## - ADDED ENTRY ELEMENTS (KOHA) | |
| Source of classification or shelving scheme | Dewey Decimal Classification |
| Koha item type | Hindi Books |
| Classification part | 820 |
| Call number suffix | नामव |
| Withdrawn status | Lost status | Damaged status | Not for loan | Home library | Current library | Date acquired | Source of acquisition | Cost, normal purchase price | Total Checkouts | Full call number | Barcode | Date last seen | Date checked out | Copy number | Cost, replacement price | Price effective from | Koha item type |
|---|---|---|---|---|---|---|---|---|---|---|---|---|---|---|---|---|---|
| Central Library | Central Library | 12/08/2015 | Cen Lib/Ret | 50.00 | 1 | 820 नामव | A-462114 | 23/08/2017 | 04/08/2017 | 1 | 50.00 | 12/08/2015 | Hindi Books |
